000 00781cam a2200241 a 4500
001 15644083
003 OSt
005 20150722143702.0
008 090303s2010 dcua b 001 0 eng
020 _a9781433804724
040 _aSEKU
050 0 0 _aRC 489.C63
_bM3
100 _aMcKay, Dean.
245 0 0 _aCognitive-behavioral therapy for refractory cases :
_bturning failure into success
_cedited by Dean McKay, Jonathan S. Abramowitz, and Steven Taylor.
250 _a1st ed.
260 _aWashington, DC :
_bAmerican Psychological Association,
_cc2010.
300 _a432 p. :
_bill.
504 _aIncludes bibliographical references
650 0 _aCognitive therapy
_vCase studies.
700 1 _aAbramowitz, Jonathan S.
700 1 _aTaylor, Steven.
942 _2lcc
_cGEN
999 _c6782
_d6782